Statistiques concernant Leto quizz

Cliquez ici pour prendre le quiz!

Statistiques générales

  • Ce quiz a été pris 22 fois
  • Le résultat moyen est 10 sur 19

Statistiques - réponses

HintRéponse% Correct
Groupe dans lequel il étaitPso thug
93%
Album 4100 visages
86%
Album 1TrapStar
86%
Album 3Trapstar 2
86%
Album 517 %
71%
Avec quel artisteGuy2bezbar
71%
Que veut dire PSOporte de Saint-Ouen
71%
Album 6Trapstar 3
71%
Son duo dans PSO thugAero
64%
Age26 ans
57%
LabelRec. 118
57%
Album PSO thugDémoniak
43%
Mixtape PSO thugEn attendant Démoniak
36%
Album collaboratifJusqu'aux étoiles
36%
Album 2Double bang
29%
Avec quiEd Sheeran
29%
Quelle est sa musique la plus streamer2step
21%
Nom completHenoc Pierrick Bofenda
7%
EpVirus avant l'album
7%

Distribution des résultats

Percentile par nombre de réponses

% des personnes avec chaque résultat

Votre développement - résultats

Vous n’avez pas pris ce quiz